000 00833cam a22002777a 4500
003 CHAP
005 20220329140829.0
008 971013s1978 r 00010 d
010 _a58275
011 _a59247
035 _a63405
040 _cCHAP
082 _a636.08
_bP76 1978
245 0 _aProducción animal
_b: diccionario políglota ilustrado
250 _a3 ed.
260 _aBetzdorf :
_bW. Germany,
_c1978
300 _a507 p.
_b: apénd.
590 _aBATCH-UPD
_b10
_c20130110
_lUCH01
_h2129
590 _aBATCH-UPD
_b10
_c20130410
_lUCH01
_h1439
590 _aBATCH-UPD
_b10
_c20130914
_lUCH01
_h1459
590 _aCONVERSION
_b10
_c20130109
_lUCH01
_h1331
650 1 4 _aGanadería
_xDiccionarios.
_944684
901 _aBK
942 _cLIBRO
949 _a636.08 P76 1978
_bBC
_cC
_d33724000911178
_eC
_h56408
_i63405
_sb
_t740.00
999 _c58275
_d58275